平成に消滅・改称した香川県の市町村 - Statistics

General Stats
  • This quiz has been taken 19 times
  • The average score is 26 of 34
Answer Stats
変更年月日 変更内容 回答 変更後の市町村 % Correct
2005.10/11 新設合併 豊浜町 観音寺市
100%
2005.10/11 新設合併 観音寺市 観音寺市
90%
2006.01/01 新設合併 高瀬町 三豊市
90%
2006.01/01 新設合併 山本町 三豊市
90%
2006.01/01 新設合併 三野町 三豊市
90%
2006.01/01 新設合併 豊中町 三豊市
90%
2006.01/01 新設合併 詫間町 三豊市
90%
2006.01/01 新設合併 財田町 三豊市
90%
2002.04/01 新設合併 津田町 さぬき市
80%
2002.04/01 新設合併 志度町 さぬき市
80%
2005.03/22 新設合併 丸亀市 丸亀市
80%
2005.10/11 新設合併 大野原町 観音寺市
80%
2006.01/01 新設合併 仁尾町 三豊市
80%
2006.03/20 新設合併 琴南町 まんのう町
80%
2006.03/21 新設合併 綾南町 綾川町
80%
2002.04/01 新設合併 寒川町 さぬき市
70%
2002.04/01 新設合併 長尾町 さぬき市
70%
2003.04/01 新設合併 引田町 東かがわ町
70%
2003.04/01 新設合併 白鳥町 東かがわ町
70%
2003.04/01 新設合併 大内町 東かがわ町
70%
2005.03/22 新設合併 飯山町 丸亀市
70%
2005.09/26 編入合併 塩江町 高松市
70%
2006.01/10 編入合併 牟礼町 高松市
70%
2006.01/10 編入合併 香川町 高松市
70%
2006.01/10 編入合併 香南町 高松市
70%
2006.01/10 編入合併 国分寺町 高松市
70%
2006.03/20 新設合併 満濃町 まんのう町
70%
2006.03/21 新設合併 内海町 小豆島町
70%
2002.04/01 新設合併 大川町 さぬき市
60%
2005.03/22 新設合併 綾歌町 丸亀市
60%
2006.01/10 編入合併 庵治町 高松市
60%
2006.03/20 新設合併 仲南町 まんのう町
60%
2006.03/21 新設合併 池田町 小豆島町
60%
2006.03/21 新設合併 綾上町 綾川町
60%
No matching quizzes found
Score Distribution
Percent of People with Each Score
Percentile by Number Answered
Your Score History
You have not taken this quiz